|
|
|
|
| LEADER |
01496nam a2200313 a 4500 |
| 001 |
17130857 |
| 008 |
121126s2013 maua 001 0 eng d |
| 010 |
|
|
|a 2012000363
|
| 020 |
|
|
|a 0273774425
|
| 020 |
|
|
|a 9780273774426
|
| 020 |
|
|
|a 9780132855839
|
| 020 |
|
|
|a 0132855836
|
| 040 |
|
|
|a DLC
|c DLC
|d DLC
|d BD-DhAAL
|
| 082 |
0 |
0 |
|a 005.13/3
|2 23
|
| 100 |
1 |
|
|a Gaddis, Tony.
|
| 245 |
1 |
0 |
|a Starting out with Java :
|b from control structures through objects /
|c Tony Gaddis; international edition contributions by Soumen Mukherjee.
|
| 250 |
|
|
|a 5th ed.
|
| 260 |
|
|
|a Boston :
|b Pearson,
|c c2013.
|
| 300 |
|
|
|a 1149 p. ;
|b ill. ;
|c 26 cm.
|
| 504 |
|
|
|a Includes index.
|
| 541 |
|
|
|e 00026265
|
| 650 |
|
0 |
|a Java (Computer program language)
|
| 650 |
|
0 |
|a Data structures (Computer science)
|
| 700 |
1 |
|
|a Mukherjee, Soumen.
|
| 852 |
4 |
|
|a Ayesha Abed Library
|j General shelf
|
| 999 |
|
|
|c 12969
|d 12969
|
| 952 |
|
|
|0 0
|1 0
|4 0
|6 005_133000000000000_GAD
|7 0
|9 21454
|a BRACUL
|b BRACUL
|c GEN
|d 2012-11-26
|e STS International
|g 4859.00
|l 20
|m 191
|o 005.133 GAD
|p 3010026265
|q 2026-06-02
|r 2025-10-23
|s 2025-10-23
|t 1
|w 2012-11-26
|y BK
|
| 952 |
|
|
|0 0
|1 2
|2 ddc
|4 0
|6 005_133000000000000_GAD
|7 0
|9 21455
|a BRACUL
|b BRACUL
|c GEN
|d 2012-11-26
|e STS International
|g 4859.00
|l 1
|m 29
|o 005.133 GAD
|p 3010026266
|q 2017-08-31
|r 2013-01-21
|s 2013-01-21
|t 2
|w 2012-11-26
|y BK
|
| 952 |
|
|
|0 0
|1 0
|4 0
|6 005_133000000000000_GAD
|7 0
|9 21456
|a BRACUL
|b BRACUL
|c GEN
|d 2012-11-26
|e STS International
|g 4859.00
|l 15
|m 90
|o 005.133 GAD
|p 3010026267
|r 2025-07-28
|s 2025-07-20
|t 3
|w 2012-11-26
|y BK
|